[Event "33. Copenhagen Open (Politiken Cup)"]
[Site "Elsinore"]
[Date "2011.08.06"]
[Round "9"]
[White "Wallin, Kenneth"]
[Black "Abildgaard, Kim"]
[Result "0-1"]
[WhiteElo "1710"]
[BlackElo "1446"]
[PlyCount "88"]
[EventDate "2011.07.30"]
[EventType "swiss"]
[EventRounds "10"]
[EventCountry "DEN"]
[Source "ChessBase"]
[SourceDate "2011.08.29"]

1. d4 e6 2. Nf3 Nf6 3. e3 b6 4. Bd3 Bb7 5. O-O Be7 6. c4 O-O 7. Nc3 d6 8. Qc2
Bxf3 9. gxf3 Nbd7 10. e4 e5 11. d5 Nh5 12. Ne2 Bg5 13. Kh1 Bxc1 14. Qxc1 Qf6
15. Qe3 Nf4 16. Rg1 g6 17. Rg3 Kh8 18. Bc2 Rg8 19. Ba4 Nc5 20. Bc2 a5 21. Rag1
Rg7 22. Qd2 Rag8 23. b3 g5 24. a3 h5 25. Qe3 Nd7 26. Ra1 g4 27. fxg4 Rxg4 28.
Rag1 Rxg3 29. fxg3 Nh3 30. Re1 Nf2+ 31. Kg2 Ng4 32. Qg1 Qg5 33. Nc1 h4 34. Bd3
Nc5 35. Be2 hxg3 36. Bxg4 Qxg4 37. hxg3 Qxg3+ 38. Kh1 Qh4+ 39. Qh2 Qxh2+ 40.
Kxh2 Rg4 41. b4 axb4 42. axb4 Nxe4 43. Kh3 f5 44. Rf1 Ng5+ 0-1

[Event "33. Copenhagen Open (Politiken Cup)"]
[Site "Elsinore"]
[Date "2011.08.06"]
[Round "9"]
[White "Zachariassen, John"]
[Black "Zivkovic, Milenko"]
[Result "1/2-1/2"]
[WhiteElo "1936"]
[BlackElo "2079"]
[PlyCount "114"]
[EventDate "2011.07.30"]
[EventType "swiss"]
[EventRounds "10"]
[EventCountry "DEN"]
[Source "ChessBase"]
[SourceDate "2011.08.29"]

1. c4 Nf6 2. Nf3 b6 3. g3 e6 4. Bg2 Bb7 5. O-O c5 6. d3 Be7 7. Nc3 d5 8. Bg5 d4
9. Bxf6 Bxf6 10. Ne4 Be7 11. Qa4+ Qd7 12. Qxd7+ Nxd7 13. Ned2 O-O 14. Rab1 e5
15. Rfe1 Rad8 16. Nxe5 Nxe5 17. Bxb7 h5 18. Bg2 h4 19. Nf3 Ng6 20. Rbd1 Bf6 21.
Nd2 Rfe8 22. Ne4 Be7 23. Bh3 Ne5 24. a3 g6 25. f4 Nc6 26. f5 Ne5 27. fxg6 fxg6
28. Rf1 Kg7 29. b3 Rf8 30. Rxf8 Rxf8 31. Rb1 hxg3 32. hxg3 Kh6 33. b4 cxb4 34.
axb4 a5 35. bxa5 bxa5 36. Rb5 Nc6 37. Bd7 Nb8 38. Be6 Bb4 39. g4 Nc6 40. Bd5
Ne5 41. Be6 Nc6 42. Rb7 Ne7 43. c5 Nf5 44. c6 Ne7 45. Rxe7 Bxe7 46. c7 Bg5 47.
Nxg5 Kxg5 48. c8=Q Rxc8 49. Bxc8 Kf4 50. Kf2 a4 51. Be6 g5 52. e4 dxe3+ 53. Ke2
a3 54. Ba2 Kxg4 55. Kxe3 Kh3 56. Kd2 g4 57. Kc3 Kg3 1/2-1/2

[Event "33. Copenhagen Open (Politiken Cup)"]
[Site "Elsinore"]
[Date "2011.08.06"]
[Round "9"]
[White "Zatonskih, Anna"]
[Black "Fridman, Daniel"]
[Result "1/2-1/2"]
[WhiteElo "2522"]
[BlackElo "2659"]
[PlyCount "32"]
[EventDate "2011.07.30"]
[EventType "swiss"]
[EventRounds "10"]
[EventCountry "DEN"]
[Source "ChessBase"]
[SourceDate "2011.08.29"]

1. e4 e5 2. Nf3 Nc6 3. Bb5 a6 4. Bxc6 dxc6 5. O-O Bg4 6. h3 h5 7. c3 Qd3 8.
hxg4 hxg4 9. Nxe5 Bd6 10. Nxd3 Bh2+ 11. Kh1 Bg3+ 12. Kg1 Bh2+ 13. Kh1 Bf4+ 14.
Kg1 Bh2+ 15. Kh1 Be5+ 16. Kg1 Bh2+ 1/2-1/2

[Event "33. Copenhagen Open (Politiken Cup)"]
[Site "Elsinore"]
[Date "2011.08.07"]
[Round "10"]
[White "Aabling Thomsen, Jakob"]
[Black "Andersson, Christin"]
[Result "1-0"]
[WhiteElo "2325"]
[BlackElo "2134"]
[PlyCount "61"]
[EventDate "2011.07.30"]
[EventType "swiss"]
[EventRounds "10"]
[EventCountry "DEN"]
[Source "ChessBase"]
[SourceDate "2011.08.29"]

1. e4 e6 2. d4 d5 3. Nc3 Nf6 4. Bg5 Be7 5. e5 Nfd7 6. h4 Bxg5 7. hxg5 Qxg5 8.
Qd3 Nc6 9. Nf3 Qe7 10. Rxh7 Rxh7 11. Qxh7 g6 12. O-O-O Nf8 13. Qh6 Bd7 14. Nh2
O-O-O 15. Ng4 Be8 16. Qf4 Nd7 17. Bb5 Ncb8 18. Be2 a6 19. Ne3 c5 20. Ncxd5 exd5
21. Nxd5 Qe6 22. c4 g5 23. Qg3 a5 24. Bg4 Qa6 25. b3 b5 26. e6 Qa7 27. e7 bxc4
28. Qd6 cxb3 29. Nb6+ Kb7 30. exd8=N+ Ka6 31. Be2+ 1-0

[Event "33. Copenhagen Open (Politiken Cup)"]
[Site "Elsinore"]
[Date "2011.08.07"]
[Round "10"]
[White "Aartun, Eivind"]
[Black "Andersen, Daniel"]
[Result "1-0"]
[WhiteElo "1747"]
[BlackElo "1963"]
[PlyCount "39"]
[EventDate "2011.07.30"]
[EventType "swiss"]
[EventRounds "10"]
[EventCountry "DEN"]
[Source "ChessBase"]
[SourceDate "2011.08.29"]

1. e4 e6 2. d4 d5 3. exd5 exd5 4. Bd3 Nc6 5. c3 Nge7 6. Nf3 Bg4 7. O-O Qd7 8.
h3 Bf5 9. b4 Bxd3 10. Qxd3 Ng6 11. Re1+ Nce7 12. Nbd2 O-O-O 13. Nb3 Ng8 14. Nc5
Bxc5 15. bxc5 Nf6 16. Rb1 Rde8 17. Be3 Ne4 18. Rb3 c6 19. Reb1 f5 20. Qa6 1-0

[Event "33. Copenhagen Open (Politiken Cup)"]
[Site "Elsinore"]
[Date "2011.08.07"]
[Round "10"]
[White "Abildgaard, Kim"]
[Black "Larsen, Eigil"]
[Result "0-1"]
[WhiteElo "1446"]
[BlackElo "1811"]
[PlyCount "60"]
[EventDate "2011.07.30"]
[EventType "swiss"]
[EventRounds "10"]
[EventCountry "DEN"]
[Source "ChessBase"]
[SourceDate "2011.08.29"]

1. e4 e5 2. Nf3 Nc6 3. Bc4 Bc5 4. Nc3 Nf6 5. d3 d6 6. Bg5 h6 7. Bh4 Be6 8. Nd5
g5 9. Nxg5 hxg5 10. Bxg5 Bxd5 11. Bxd5 Nd4 12. c3 Ne6 13. Bxe6 fxe6 14. d4 exd4
15. cxd4 Bb4+ 16. Kf1 O-O 17. Qb3 Qd7 18. Bxf6 Qb5+ 19. Kg1 Rxf6 20. a3 Raf8
21. f3 Qe2 22. axb4 Rg6 23. g3 Rxf3 24. Qxf3 Qxf3 25. Rf1 Qe3+ 26. Kg2 Qxe4+
27. Kg1 Qxd4+ 28. Kg2 Qe4+ 29. Kg1 Qxb4 30. Rf2 Kg7 0-1

[Event "33. Copenhagen Open (Politiken Cup)"]
[Site "Elsinore"]
[Date "2011.08.07"]
[Round "10"]
[White "Akdag, Dara Sevkan"]
[Black "Bach, Matthias"]
[Result "1-0"]
[WhiteElo "2201"]
[BlackElo "2307"]
[PlyCount "85"]
[EventDate "2011.07.30"]
[EventType "swiss"]
[EventRounds "10"]
[EventCountry "DEN"]
[Source "ChessBase"]
[SourceDate "2011.08.29"]

1. Nf3 d6 2. d4 Nd7 3. g3 g6 4. Bg2 Bg7 5. O-O e6 6. c4 Ne7 7. Nc3 h6 8. e4 a6
9. Re1 g5 10. h4 g4 11. Nh2 h5 12. Be3 e5 13. d5 Bh6 14. Nf1 f5 15. Bxh6 Rxh6
16. exf5 Nxf5 17. Qd2 Rg6 18. Ne4 Nf6 19. Ng5 Qe7 20. Qd3 Rg7 21. Nd2 Kf8 22.
c5 Nd4 23. cxd6 cxd6 24. Rac1 Bf5 25. Qa3 Kg8 26. Nde4 Rd8 27. Nxf6+ Qxf6 28.
Be4 Bxe4 29. Rxe4 Rf8 30. Rf1 Nf3+ 31. Nxf3 Qxf3 32. Re3 Qf6 33. Rc3 Rgf7 34.
Qb4 Qd8 35. a4 Qb8 36. a5 Qa7 37. Rc2 Rf6 38. Qd2 Rg6 39. Rc7 Rf7 40. Rxf7 Kxf7
41. Qc2 Kf6 42. Qc8 e4 43. Qf8+ 1-0

[Event "33. Copenhagen Open (Politiken Cup)"]
[Site "Elsinore"]
[Date "2011.08.07"]
[Round "10"]
[White "Amarapala, Sherington"]
[Black "Kyrkjebo, Hanna Bakken"]
[Result "1-0"]
[WhiteElo "1709"]
[BlackElo "1518"]
[PlyCount "135"]
[EventDate "2011.07.30"]
[EventType "swiss"]
[EventRounds "10"]
[EventCountry "DEN"]
[Source "ChessBase"]
[SourceDate "2011.08.29"]

1. e4 e5 2. Nf3 Nc6 3. d4 exd4 4. Nxd4 Bc5 5. Be3 Qf6 6. c3 Nge7 7. Bc4 Ne5 8.
Bb3 d6 9. O-O O-O 10. Qd2 h6 11. f3 N7c6 12. Na3 Na5 13. Qe2 Nxb3 14. axb3 Bd7
15. Rfd1 Rfe8 16. Nc4 Nxc4 17. bxc4 Bb6 18. Nb3 Bxe3+ 19. Qxe3 a6 20. c5 Be6
21. Nd4 Rad8 22. cxd6 cxd6 23. Qf2 Bc4 24. Ra4 Be6 25. Rb4 Re7 26. Rb6 Red7 27.
Nxe6 Qxe6 28. Qd4 Qe5 29. Qb4 Qc5+ 30. Rd4 Qxb4 31. Rdxb4 Rb8 32. Rxa6 Rbd8 33.
Rab6 Rb8 34. R4b5 Kf8 35. Kf2 Ke7 36. Ke3 Rc7 37. Kd3 Kd7 38. Kd4 Ke7 39. f4
Kd7 40. g4 Ke7 41. Rd5 Rc6 42. Rdb5 Rc7 43. h4 Rd7 44. h5 f6 45. g5 fxg5 46.
fxg5 Kf7 47. b4 Ke7 48. gxh6 gxh6 49. e5 dxe5+ 50. Kxe5 Rc7 51. Rc5 Rxc5+ 52.
bxc5 Kf7 53. Rxh6 Kg7 54. Rb6 Re8+ 55. Kd6 Kh6 56. Kd7+ Kxh5 57. Kxe8 Kg5 58.
Rxb7 Kf5 59. c6 Ke5 60. c7 Kd6 61. c8=Q Kd5 62. Rd7+ Ke5 63. Qc4 Kf6 64. Qe2
Kg6 65. Rd3 Kg5 66. Rf3 Kg4 67. Qg2+ Kh4 68. Rh3# 1-0

[Event "33. Copenhagen Open (Politiken Cup)"]
[Site "Elsinore"]
[Date "2011.08.07"]
[Round "10"]
[White "Andersen, Claus"]
[Black "Knudsen, Jes West"]
[Result "1/2-1/2"]
[WhiteElo "1811"]
[BlackElo "1960"]
[PlyCount "32"]
[EventDate "2011.07.30"]
[EventType "swiss"]
[EventRounds "10"]
[EventCountry "DEN"]
[Source "ChessBase"]
[SourceDate "2011.08.29"]

1. e4 d5 2. exd5 Nf6 3. Nf3 Nxd5 4. Be2 Nf4 5. O-O Nxe2+ 6. Qxe2 Nc6 7. c3 Bf5
8. d4 e6 9. Bf4 Be7 10. Nbd2 O-O 11. Nc4 Bg4 12. h3 Bh5 13. Rad1 Bf6 14. Rfe1
Rc8 15. g4 Bg6 16. Nce5 Bxe5 1/2-1/2

[Event "33. Copenhagen Open (Politiken Cup)"]
[Site "Elsinore"]
[Date "2011.08.07"]
[Round "10"]
[White "Andersen, Dag"]
[Black "Carnstam, Tomas"]
[Result "1-0"]
[WhiteElo "1885"]
[BlackElo "2062"]
[PlyCount "63"]
[EventDate "2011.07.30"]
[EventType "swiss"]
[EventRounds "10"]
[EventCountry "DEN"]
[Source "ChessBase"]
[SourceDate "2011.08.29"]

1. d4 c5 2. e3 Nf6 3. Nf3 e6 4. Bd3 b6 5. O-O Bb7 6. Nbd2 Nc6 7. a3 cxd4 8.
exd4 d5 9. Re1 Be7 10. Nf1 O-O 11. c3 Rc8 12. Ne5 Nxe5 13. dxe5 Ne8 14. f4 g6
15. Ng3 Bc5+ 16. Kh1 Qh4 17. Qe2 Ng7 18. Be3 Rfd8 19. Qf2 Nf5 20. Nxf5 Qxf2 21.
Bxf2 exf5 22. Bh4 Rd7 23. Bb5 Bc6 24. Bxc6 Rxc6 25. Rad1 d4 26. b4 Bxb4 27.
cxb4 d3 28. Rd2 Rc3 29. h3 Rd4 30. Rf1 Rxa3 31. Bf6 Rc4 32. Rfd1 1-0

[Event "33. Copenhagen Open (Politiken Cup)"]
[Site "Elsinore"]
[Date "2011.08.07"]
[Round "10"]
[White "Andreassen, Espen"]
[Black "Hjornevik, Oyvind"]
[Result "0-1"]
[WhiteElo "1000"]
[BlackElo "1000"]
[PlyCount "50"]
[EventDate "2011.07.30"]
[EventType "swiss"]
[EventRounds "10"]
[EventCountry "DEN"]
[Source "ChessBase"]
[SourceDate "2011.08.29"]

1. e4 e5 2. Nf3 Nc6 3. d4 exd4 4. Bc4 Nf6 5. O-O d5 6. exd5 Nxd5 7. Re1+ Nce7
8. Qxd4 c6 9. Bg5 f6 10. Bh4 g6 11. Bxf6 Rg8 12. Nc3 Bd7 13. Nxd5 cxd5 14. Bxd5
Be6 15. Rxe6 Rc8 16. Ree1 Rg7 17. Bxg7 Bxg7 18. Qxg7 Qxd5 19. Rad1 Qxa2 20.
Qg8+ Qxg8 21. h3 Rxc2 22. Ne5 Qf8 23. f3 Qf4 24. Re4 Qg3 25. Rg4 Rxg2+ 0-1

[Event "33. Copenhagen Open (Politiken Cup)"]
[Site "Elsinore"]
[Date "2011.08.07"]
[Round "10"]
[White "Andreassen, Jonas"]
[Black "Nielsen, Bjorn"]
[Result "1/2-1/2"]
[WhiteElo "1000"]
[BlackElo "1619"]
[PlyCount "82"]
[EventDate "2011.07.30"]
[EventType "swiss"]
[EventRounds "10"]
[EventCountry "DEN"]
[Source "ChessBase"]
[SourceDate "2011.08.29"]

1. e4 e5 2. Nf3 Nc6 3. d4 d5 4. dxe5 dxe4 5. Qxd8+ Nxd8 6. Nfd2 Bf5 7. g4 Bg6
8. Bg2 e3 9. fxe3 c6 10. b3 Ne6 11. Ne4 Bxe4 12. Bxe4 Bb4+ 13. Bd2 Bc5 14. Nc3
O-O-O 15. O-O-O Ne7 16. Kb2 Ng6 17. Na4 Be7 18. Bc3 Ngf8 19. Rxd8+ Bxd8 20. Bd4
Kb8 21. Nc5 Nxc5 22. Bxc5 Ne6 23. Bd4 Be7 24. Rf1 f6 25. exf6 gxf6 26. Bxf6
Bxf6+ 27. Rxf6 Nc7 28. Bf5 Nd5 29. Re6 Kc7 30. e4 Nb6 31. e5 Nd5 32. Rd6 h5 33.
Rd7+ Kb6 34. g5 Rg8 35. g6 Ne3 36. e6 Nxf5 37. e7 Nxe7 38. Rxe7 Rxg6 39. Rh7
Rg5 40. h4 Rf5 41. Kc3 a5 1/2-1/2

[Event "33. Copenhagen Open (Politiken Cup)"]
[Site "Elsinore"]
[Date "2011.08.07"]
[Round "10"]
[White "Antonsen, Mikkel"]
[Black "Krasenkow, Michal"]
[Result "0-1"]
[WhiteElo "2471"]
[BlackElo "2607"]
[PlyCount "68"]
[EventDate "2011.07.30"]
[EventType "swiss"]
[EventRounds "10"]
[EventCountry "DEN"]
[Source "ChessBase"]
[SourceDate "2011.08.29"]

1. d4 d5 2. c4 e6 3. Nc3 c6 4. Nf3 dxc4 5. a4 Bb4 6. e3 b5 7. Bd2 a5 8. axb5
Bxc3 9. Bxc3 cxb5 10. b3 Bb7 11. bxc4 b4 12. Bb2 Nf6 13. c5 O-O 14. Bb5 Bc6 15.
Ba4 Bxa4 16. Qxa4 Qd5 17. O-O Nc6 18. Rfd1 Rfc8 19. Nd2 Ne4 20. Nf1 f5 21. Rac1
Ne7 22. f3 Nf6 23. Nd2 Qc6 24. Ra1 Qa6 25. Re1 Ned5 26. Rac1 Qc6 27. Ra1 f4 28.
e4 Ne3 29. Rxe3 fxe3 30. Nc4 Nd7 31. e5 e2 32. Kf2 Nxc5 33. dxc5 e1=Q+ 34. Kxe1
Qxc5 0-1

[Event "33. Copenhagen Open (Politiken Cup)"]
[Site "Elsinore"]
[Date "2011.08.07"]
[Round "10"]
[White "Aranovitch, Emiliano"]
[Black "Krasenkova, Ilena"]
[Result "1-0"]
[WhiteElo "2328"]
[BlackElo "2092"]
[PlyCount "133"]
[EventDate "2011.07.30"]
[EventType "swiss"]
[EventRounds "10"]
[EventCountry "DEN"]
[Source "ChessBase"]
[SourceDate "2011.08.29"]

1. e4 e6 2. d4 d5 3. Nc3 Bb4 4. e5 Qd7 5. a3 Bxc3+ 6. bxc3 b6 7. a4 Ba6 8. Bd3
Bxd3 9. cxd3 Nc6 10. Qg4 f5 11. exf6 Nxf6 12. Qg3 O-O 13. Nf3 Nh5 14. Qg4 Qf7
15. O-O Qf5 16. h3 Qxg4 17. hxg4 Nf6 18. g5 Nd7 19. Re1 Rae8 20. Ra2 g6 21. Ba3
Rf5 22. Rae2 Nd8 23. Re3 c5 24. Kh2 Ref8 25. dxc5 bxc5 26. d4 Rf4 27. a5 cxd4
28. cxd4 Re8 29. Rc1 Nf7 30. Rc7 Nf8 31. Rxa7 e5 32. Bxf8 Kxf8 33. dxe5 h6 34.
gxh6 Nxh6 35. Rb3 Ra4 36. Rb6 Ng4+ 37. Kg3 Nxe5 38. Rf6+ Kg8 39. Nxe5 Rxe5 40.
Rxg6+ Kf8 41. Rf6+ Kg8 42. Rg6+ Kf8 43. a6 d4 44. Rd7 Ra3+ 45. f3 d3 46. a7 d2
47. Rgd6 Rea5 48. Rxd2 Rxa7 49. Kg4 R7a5 50. f4 Re3 51. R2d3 Re6 52. f5 Ree5
53. Rd8+ Kf7 54. R3d7+ Re7 55. Kg5 Ra2 56. g4 Ra6 57. Rxe7+ Kxe7 58. Rh8 Kf7
59. Rh7+ Kg8 60. Rb7 Ra4 61. Kh5 Kf8 62. g5 Ra6 63. f6 Kg8 64. Kg6 Ra8 65. Rg7+
Kf8 66. Rh7 Kg8 67. f7+ 1-0

[Event "33. Copenhagen Open (Politiken Cup)"]
[Site "Elsinore"]
[Date "2011.08.07"]
[Round "10"]
[White "Asmund, Erik"]
[Black "Elzubeir, Omar"]
[Result "1-0"]
[WhiteElo "1739"]
[BlackElo "1497"]
[PlyCount "65"]
[EventDate "2011.07.30"]
[EventType "swiss"]
[EventRounds "10"]
[EventCountry "DEN"]
[Source "ChessBase"]
[SourceDate "2011.08.29"]

1. e4 g6 2. d4 Bg7 3. c3 d6 4. Be3 Nf6 5. Bd3 O-O 6. Nf3 Bg4 7. Nbd2 c5 8. h3
Bc8 9. O-O Nc6 10. Qc2 cxd4 11. Nxd4 Nxd4 12. Bxd4 Qa5 13. Nf3 Nh5 14. Bxg7
Kxg7 15. Kh2 Nf4 16. g3 Qh5 17. Ng5 Bxh3 18. gxf4 Bxf1+ 19. Kg1 Bxd3 20. Qxd3
h6 21. Nh3 Qg4+ 22. Kh2 Rad8 23. Rg1 Qe6 24. f5 Qe5+ 25. f4 Qc5 26. Qg3 Kh8 27.
fxg6 Rg8 28. g7+ Kh7 29. Ng5+ hxg5 30. Qh3+ Kg6 31. Rxg5+ Kf6 32. e5+ dxe5 33.
Qf5# 1-0

[Event "33. Copenhagen Open (Politiken Cup)"]
[Site "Elsinore"]
[Date "2011.08.07"]
[Round "10"]
[White "Astrom, Lars"]
[Black "Halamus, Agata"]
[Result "0-1"]
[WhiteElo "1871"]
[BlackElo "2076"]
[PlyCount "114"]
[EventDate "2011.07.30"]
[EventType "swiss"]
[EventRounds "10"]
[EventCountry "DEN"]
[Source "ChessBase"]
[SourceDate "2011.08.29"]

1. e4 e5 2. Nf3 Nc6 3. Bc4 Nf6 4. d3 Be7 5. c3 O-O 6. O-O d5 7. exd5 Nxd5 8.
Re1 Bg4 9. h3 Bh5 10. Nbd2 Nb6 11. Bb5 f6 12. Ne4 a6 13. Bxc6 bxc6 14. Be3 Nd5
15. Ng3 Bf7 16. Nf5 Rb8 17. Rb1 Nxe3 18. Nxe3 Bxa2 19. Ra1 Bb3 20. Qe2 Rb6 21.
d4 c5 22. Nh4 cxd4 23. cxd4 Bb4 24. Rec1 exd4 25. Nef5 Qd7 26. Qg4 Be6 27. Rd1
c5 28. Rd3 Kh8 29. Qe4 Bxf5 30. Nxf5 Re8 31. Qf4 Re5 32. g4 a5 33. Rad1 Qe8 34.
Kg2 Qa8+ 35. Kh2 Qe4 36. Qg3 Qa8 37. f4 Re2+ 38. Kg1 Rbe6 39. g5 Re1+ 40. Kf2
Rxd1 41. Rxd1 Qe4 42. Qf3 g6 43. Nh6 Qxf3+ 44. Kxf3 Re3+ 45. Kg2 fxg5 46. fxg5
Re2+ 47. Kg3 Be1+ 48. Kf3 Re3+ 49. Kg4 Kg7 50. Rc1 Rg3+ 51. Kf4 Bd2+ 52. Kxg3
Bxc1 53. b3 Bxg5 54. Ng4 d3 55. Kf3 d2 56. Ke2 c4 57. bxc4 a4 0-1

[Event "33. Copenhagen Open (Politiken Cup)"]
[Site "Elsinore"]
[Date "2011.08.07"]
[Round "10"]
[White "Bauder, Herbert"]
[Black "Christophersen, David"]
[Result "1/2-1/2"]
[WhiteElo "1971"]
[BlackElo "1777"]
[PlyCount "43"]
[EventDate "2011.07.30"]
[EventType "swiss"]
[EventRounds "10"]
[EventCountry "DEN"]
[Source "ChessBase"]
[SourceDate "2011.08.29"]

1. d4 d5 2. c4 Nf6 3. Nf3 e6 4. Nc3 c5 5. cxd5 Nxd5 6. Nxd5 Qxd5 7. Qc2 Nc6 8.
e3 cxd4 9. exd4 Nxd4 10. Nxd4 Qxd4 11. Bb5+ Bd7 12. Bxd7+ Qxd7 13. O-O Rc8 14.
Qb3 Be7 15. Rd1 Qc6 16. Be3 Qa6 17. Rd4 b6 18. Ra4 Qb7 19. Qb5+ Kf8 20. Rd1 Rd8
21. Rxd8+ Bxd8 22. Ra6 1/2-1/2

[Event "33. Copenhagen Open (Politiken Cup)"]
[Site "Elsinore"]
[Date "2011.08.07"]
[Round "10"]
[White "Berg, Emanuel"]
[Black "Arnold, Marc Tyler"]
[Result "0-1"]
[WhiteElo "2604"]
[BlackElo "2445"]
[PlyCount "64"]
[EventDate "2011.07.30"]
[EventType "swiss"]
[EventRounds "10"]
[EventCountry "DEN"]
[Source "ChessBase"]
[SourceDate "2011.08.29"]

1. e4 c5 2. Nf3 d6 3. d4 cxd4 4. Nxd4 Nf6 5. Nc3 a6 6. Bg5 e6 7. f4 h6 8. Bh4
Qb6 9. a3 Be7 10. Bf2 Qc7 11. Qf3 b5 12. O-O-O Bb7 13. Bd3 Nc6 14. Nxc6 Bxc6
15. Rhe1 Qb7 16. Qe2 O-O 17. e5 dxe5 18. fxe5 Nd7 19. Qh5 Rfb8 20. Be4 b4 21.
axb4 Bg5+ 22. Be3 Bxe4 23. Nxe4 Qxe4 24. Bxg5 Qxb4 25. Bxh6 Qxb2+ 26. Kd2 Rc8
27. Ke3 Nxe5 28. Bf4 Qb6+ 29. Ke2 Qb5+ 30. c4 Qxc4+ 31. Ke3 Qc5+ 32. Ke2 Qb5+
0-1

[Event "33. Copenhagen Open (Politiken Cup)"]
[Site "Elsinore"]
[Date "2011.08.07"]
[Round "10"]
[White "Bjorneboe, Kristian"]
[Black "Haubro, Sigfred"]
[Result "1/2-1/2"]
[WhiteElo "1941"]
[BlackElo "2164"]
[PlyCount "54"]
[EventDate "2011.07.30"]
[EventType "swiss"]
[EventRounds "10"]
[EventCountry "DEN"]
[Source "ChessBase"]
[SourceDate "2011.08.29"]

1. d4 d5 2. Nf3 e6 3. e3 f5 4. c4 Nf6 5. Nc3 Be7 6. Bd3 c6 7. O-O O-O 8. b3 Qe8
9. Ne5 Nbd7 10. Bb2 Ne4 11. Ne2 a5 12. a4 Bd6 13. f4 Qe7 14. Qc1 Rb8 15. Ba3
Bxa3 16. Qxa3 Qxa3 17. Rxa3 Nxe5 18. fxe5 Bd7 19. Bxe4 dxe4 20. Nf4 Kf7 21.
Raa1 Ke7 22. Rfd1 Be8 23. h4 Bf7 24. Rab1 b5 25. c5 b4 26. Kf2 Be8 27. Rg1 h5
1/2-1/2

[Event "33. Copenhagen Open (Politiken Cup)"]
[Site "Elsinore"]
[Date "2011.08.07"]
[Round "10"]
[White "Blomqvist, Erik"]
[Black "Tikkanen, Hans"]
[Result "1/2-1/2"]
[WhiteElo "2438"]
[BlackElo "2596"]
[PlyCount "27"]
[EventDate "2011.07.30"]
[EventType "swiss"]
[EventRounds "10"]
[EventCountry "DEN"]
[Source "ChessBase"]
[SourceDate "2011.08.29"]

1. d4 d5 2. c4 c6 3. Nf3 Nf6 4. Nc3 dxc4 5. a4 Bf5 6. e3 e6 7. Bxc4 Bb4 8. O-O
O-O 9. Nh4 Nbd7 10. h3 Nb6 11. Bb3 Ne4 12. Nxf5 exf5 13. Qc2 Qh4 14. a5 1/2-1/2

[Event "33. Copenhagen Open (Politiken Cup)"]
[Site "Elsinore"]
[Date "2011.08.07"]
[Round "10"]
[White "Bratteteig, Tore Inge"]
[Black "Sonderskov, Lissi"]
[Result "1-0"]
[WhiteElo "1671"]
[BlackElo "1099"]
[PlyCount "81"]
[EventDate "2011.07.30"]
[EventType "swiss"]
[EventRounds "10"]
[EventCountry "DEN"]
[Source "ChessBase"]
[SourceDate "2011.08.29"]

1. d4 d5 2. Nf3 Nf6 3. e3 e6 4. c4 dxc4 5. Bxc4 c5 6. O-O a6 7. dxc5 Qa5 8. b3
Bxc5 9. Bb2 Nbd7 10. a3 Qc7 11. Nbd2 h6 12. Rc1 Qb8 13. b4 Bd6 14. h3 O-O 15.
e4 b5 16. Ba2 Bb7 17. Qe2 e5 18. g4 Nh7 19. h4 g6 20. Qe3 Kg7 21. Kg2 f6 22.
Be6 Qd8 23. Nb3 Bc8 24. Rfd1 Qe7 25. Bd5 Rb8 26. Qa7 g5 27. h5 f5 28. exf5 Qf6
29. Nc5 Qe7 30. Ne6+ Kf6 31. Nxf8 Nhxf8 32. Nd2 Rb6 33. Ne4+ Kg7 34. f6+ Nxf6
35. Qxb6 N8d7 36. Qxd6 Kf8 37. Rxc8+ Ne8 38. Qxe7+ Kxe7 39. Bc6 Ndf6 40. Nxf6
Nxf6 41. Bxe5 1-0

[Event "33. Copenhagen Open (Politiken Cup)"]
[Site "Elsinore"]
[Date "2011.08.07"]
[Round "10"]
[White "Brobakken, Jorgen"]
[Black "Svane, Troels"]
[Result "0-1"]
[WhiteElo "1000"]
[BlackElo "1500"]
[PlyCount "70"]
[EventDate "2011.07.30"]
[EventType "swiss"]
[EventRounds "10"]
[EventCountry "DEN"]
[Source "ChessBase"]
[SourceDate "2011.08.29"]

1. Nf3 Nf6 2. g3 g6 3. d3 Bg7 4. Bg2 O-O 5. Nbd2 d6 6. c3 c5 7. Qc2 Nc6 8. O-O
Bf5 9. e4 Bg4 10. Re1 Re8 11. Nc4 Bc8 12. e5 dxe5 13. Nfxe5 Nxe5 14. Nxe5 Rb8
15. Bf4 Bf5 16. Be4 Nxe4 17. dxe4 Bh3 18. Qd3 Qxd3 19. Nxd3 Rbc8 20. Be3 b6 21.
Bf4 Red8 22. Re3 Rd7 23. Ne5 Rd2 24. Nd3 Rd8 25. Ree1 R2xd3 26. Bc7 R8d7 27.
Bf4 e6 28. Be3 Bf6 29. Bf4 e5 30. Be3 Kg7 31. Kh1 h6 32. Kg1 Bg5 33. f4 exf4
34. gxf4 Bh4 35. Rec1 Rxe3 0-1

[Event "33. Copenhagen Open (Politiken Cup)"]
[Site "Elsinore"]
[Date "2011.08.07"]
[Round "10"]
[White "Brynell, Stellan"]
[Black "Gustafsson, Jan"]
[Result "1/2-1/2"]
[WhiteElo "2495"]
[BlackElo "2634"]
[PlyCount "75"]
[EventDate "2011.07.30"]
[EventType "swiss"]
[EventRounds "10"]
[EventCountry "DEN"]
[Source "ChessBase"]
[SourceDate "2011.08.29"]

1. d4 d5 2. c4 c6 3. Nf3 Nf6 4. Nc3 e6 5. Bg5 h6 6. Bh4 dxc4 7. e4 g5 8. Bg3 b5
9. Be2 Bb7 10. e5 Nd5 11. O-O a6 12. a4 c5 13. axb5 Nxc3 14. bxc3 axb5 15. Rxa8
Bxa8 16. Qb1 Bc6 17. Rd1 Qc8 18. d5 Bxd5 19. Qxb5+ Nd7 20. Bxc4 Qc6 21. Qb3
Bxc4 22. Qxc4 Be7 23. h4 Nb6 24. Qa6 O-O 25. hxg5 hxg5 26. Rb1 Rb8 27. Qe2 Qa4
28. Nh2 Nd7 29. Rxb8+ Nxb8 30. Ng4 Kg7 31. Nf6 Nd7 32. Qh5 Bxf6 33. exf6+ Kxf6
34. Qh6+ Kf5 35. Qh7+ Kf6 36. Qh6+ Kf5 37. Qh7+ Kf6 38. Qh6+ 1/2-1/2

[Event "33. Copenhagen Open (Politiken Cup)"]
[Site "Elsinore"]
[Date "2011.08.07"]
[Round "10"]
[White "Bulski, Krzysztof"]
[Black "Khenkin, Igor"]
[Result "1/2-1/2"]
[WhiteElo "2479"]
[BlackElo "2620"]
[PlyCount "179"]
[EventDate "2011.07.30"]
[EventType "swiss"]
[EventRounds "10"]
[EventCountry "DEN"]
[Source "ChessBase"]
[SourceDate "2011.08.29"]

1. d4 Nf6 2. c4 e6 3. Nf3 Bb4+ 4. Nbd2 d5 5. a3 Be7 6. e3 O-O 7. Qc2 b6 8. b4
Nbd7 9. Bb2 c5 10. dxc5 bxc5 11. b5 Bb7 12. Be2 a6 13. a4 axb5 14. cxb5 c4 15.
Bc3 Nc5 16. a5 Nfe4 17. a6 Nxc3 18. Qxc3 Bf6 19. Ne5 Bc8 20. O-O Bd7 21. Rfb1
Qb6 22. Bxc4 Qb8 23. f4 dxc4 24. Ndxc4 Bxb5 25. Ra5 Nxa6 26. Raxb5 Qc8 27. Qd4
Qd8 28. Qxd8 Raxd8 29. Ra5 Nc7 30. Rb7 Bxe5 31. Nxe5 Nd5 32. Raa7 Ra8 33. Rxf7
Rxa7 34. Rxa7 Nxe3 35. g3 h6 36. Re7 g5 37. Rxe6 gxf4 38. Ng6 Rf7 39. Nxf4 Nf5
40. Kg2 Kh7 41. Kh3 Nd4 42. Re4 Nf3 43. Re3 Nd4 44. Re4 Nf3 45. Re3 Nd4 46. Rd3
Nc6 47. Rd5 Rg7 48. Nh5 Rf7 49. Nf4 Rg7 50. Nh5 Rf7 51. Rc5 Nd4 52. Nf4 Nf3 53.
Rc3 Ne5 54. Rc5 Nf3 55. Ra5 Nd4 56. Ra4 Nf3 57. Ra3 Ne5 58. Re3 Ng6 59. Kg4
Nxf4 60. gxf4 Kg7 61. Re6 Ra7 62. h4 Rb7 63. h5 Ra7 64. Rg6+ Kh7 65. Re6 Kg7
66. Kf5 Ra5+ 67. Re5 Ra7 68. Rd5 Rf7+ 69. Ke5 Re7+ 70. Kf5 Rf7+ 71. Ke4 Re7+
72. Re5 Ra7 73. Re6 Ra4+ 74. Kf5 Ra5+ 75. Re5 Ra7 76. Re6 Ra5+ 77. Kg4 Ra7 78.
Rg6+ Kh7 79. f5 Ra4+ 80. Kg3 Ra3+ 81. Kf4 Ra4+ 82. Ke5 Ra5+ 83. Ke6 Ra6+ 84.
Kd7 Ra7+ 85. Kd6 Ra6+ 86. Kc7 Ra7+ 87. Kb6 Ra8 88. f6 Rg8 89. f7 Rf8 90. Rf6
1/2-1/2